Sociedades: tercera edición actualizada con la normativa de la ley N§19.705 de 2000, ley de opas

Guardat en:
Dades bibliogràfiques
Autor principal: Morand Valdivieso, Luis (autor)
Format: Llibre
Idioma:espanyol
Publicat: Santiago Jurídica 2002
Edició:3a. ed
Matèries:
Etiquetes: Afegir etiqueta
Sense etiquetes, Sigues el primer a etiquetar aquest registre!

MARC

LEADER 00000nam a2200000 a 4500
001 UCM3591
003 CL-VaPUC
008 020712e20020500CL |||||||||||||||||spa|d
020 |a 9561014009 
082 0 4 |a 346.0682  |b MOR  |2 21 
100 |a Morand Valdivieso, Luis  |e autor  |9 565769 
245 1 0 |a Sociedades: tercera edición actualizada con la normativa de la ley N§19.705 de 2000, ley de opas 
250 |a 3a. ed 
300 |a 191 p 
942 |c BK 
945 |d 20020712 00:00:00  |a vberengu 
260 |a Santiago  |b Jurídica  |c 2002 
650 0 |a Sociedades  |9 259052 
650 0 |a Código civil  |9 256135 
650 0 |a Sociedades comerciales   |9 257290 
650 0 |a Sociedades anónimas  |9 255387 
650 0 |a Acciones  |9 334173 
583 |a last modification  |c 20020712 00:00:00  |k Rodrigo Vera 
999 |c 300802  |d 300800 
952 |0 0  |1 0  |4 0  |6 346_068200000000000_MOR_2002  |7 0  |8 A  |9 359089  |a BIBDER  |b BIBDER  |d 2019-11-21  |i 3828360  |o 346.0682 MOR 2002  |p 3828360  |r 2023-01-25  |w 2019-11-21  |y BK  |k DER 
952 |0 0  |1 0  |4 0  |6 346_068200000000000_MOR_2002  |7 0  |8 A  |9 359090  |a BIBDER  |b BIBDER  |d 2019-11-21  |i 4139739  |l 2  |m 4  |o 346.0682 MOR 2002  |p 4139739  |q 2025-12-31  |r 2020-03-20  |s 2020-03-20  |w 2019-11-21  |y BK  |k DER 
952 |0 0  |1 0  |4 0  |6 346_068200000000000_MOR_2002  |7 0  |8 A  |9 359091  |a BIBDER  |b BIBDER  |d 2019-11-21  |i 4139747  |l 2  |o 346.0682 MOR 2002  |p 4139747  |r 2023-03-29  |s 2023-03-23  |w 2019-11-21  |y BK  |k DER 
952 |0 0  |1 0  |4 0  |6 346_068200000000000_MOR_2002  |7 0  |8 A  |9 359092  |a BIBDER  |b BIBDER  |d 2019-11-21  |i 4139755  |l 1  |m 3  |o 346.0682 MOR 2002  |p 4139755  |q 2025-12-31  |r 2020-03-30  |s 2020-03-30  |w 2019-11-21  |y BK  |k DER 
952 |0 0  |1 0  |4 0  |6 346_068200000000000_MOR_2002  |7 0  |8 A  |9 359093  |a BIBDER  |b BIBDER  |d 2019-11-21  |i 4183894  |o 346.0682 MOR 2002  |p 4183894  |r 2023-01-25  |w 2019-11-21  |y BK  |k DER 
952 |0 0  |1 0  |4 0  |6 346_068200000000000_MOR_2002  |7 0  |8 A  |9 359094  |a BIBDER  |b BIBDER  |d 2019-11-21  |i 4183908  |l 2  |o 346.0682 MOR 2002  |p 4183908  |r 2023-12-20  |s 2023-12-20  |w 2019-11-21  |y BK  |k DER 
952 |0 0  |1 0  |4 0  |6 346_068200000000000_MOR_2002  |7 0  |8 A  |9 359095  |a BIBDER  |b BIBDER  |d 2019-11-21  |i 4292332  |o 346.0682 MOR 2002  |p 4292332  |r 2023-01-25  |w 2019-11-21  |y BK  |k DER 
952 |0 0  |1 0  |4 0  |6 346_068200000000000_MOR_2002  |7 0  |8 A  |9 359096  |a BIBDER  |b BIBDER  |d 2019-11-21  |i 4415507  |o 346.0682 MOR 2002  |p 4415507  |r 2023-01-25  |w 2019-11-21  |y BK  |k DER